Box, line, and midgap plots : effects of display characteristics on the accuracy and bias of estimates of whisker length (Record no. 63395)

MARC details
000 -CABECERA
campo de control de longitud fija 00725nam a2200241 a 4500
005 - FECHA Y HORA DE LA ÚLTIMA TRANSACCIÓN
campo de control 20210219152910.0
008 - ELEMENTOS DE LONGITUD FIJA--INFORMACIÓN GENERAL
campo de control de longitud fija 991125n 000 0 eng u
035 ## - NÚMERO DE CONTROL DEL SISTEMA
Número de control de sistema UPN01000066252
100 ## - ASIENTO PRINCIPAL--NOMBRE PERSONAL
Nombre de persona Stock, William A.
222 ## - TÍTULO CLAVE
Título clave JOURNAL OF EDUCATIONAL STATISTICS
245 ## - MENCIÓN DE TÍTULO
Título Box, line, and midgap plots : effects of display characteristics on the accuracy and bias of estimates of whisker length
300 ## - DESCRIPCIÓN FÍSICA
Extensión 1-20
362 ## - FECHAS DE PUBLICACIÓN Y/O DESIGNACIÓN SECUENCIAL
Fecha de publicación y/o designación secuencial 1991 16, No. 1
505 ## - NOTA DE CONTENIDO CON FORMATO PREESTABLECIDO
Nota de contenido con formato Julio 1991
653 0# - TERMINO DE INDIZACION - NO CONTROLADO
Término no controlado AYUDAS ESTADISTICAS
653 0# - TERMINO DE INDIZACION - NO CONTROLADO
Término no controlado DIAGRAMAS
653 0# - TERMINO DE INDIZACION - NO CONTROLADO
Término no controlado ESTIMULOS PICTORICOS
653 0# - TERMINO DE INDIZACION - NO CONTROLADO
Término no controlado ESTUDIANTES NO GRADUADOS
653 0# - TERMINO DE INDIZACION - NO CONTROLADO
Término no controlado SPATIAL ABILITY
700 ## - ASIENTO SECUNDARIO--NOMBRE DE PERSONAL
Nombre de persona Behrens, John T.
904 ## - ELEMENTOS DE DATOS D LOCAL, LDD (RLIN)
a AC
b 004063
905 ## - TIPO DE MATERIAL
Tipo de material Articulo

No items available.